The essential guide to selecting and using core reading programs / (Record no. 17423)

000 -LEADER
fixed length control field 00560cam a2200181 a 4500
020 ## - INTERNATIONAL STANDARD BOOK NUMBER
ISBN 9780872077072
040 ## - CATALOGING SOURCE
Transcribing agency DLC
082 00 - DEWEY DECIMAL CLASSIFICATION NUMBER
Classification number 372 INT 2010 A114 Or.
245 04 - TITLE STATEMENT
Title The essential guide to selecting and using core reading programs /
260 ## - PUBLICATION, DISTRIBUTION, ETC. (IMPRINT)
Place of publication Newark, Del. :
Name of publisher International Reading Association,
Year of publication 2010.
300 ## - PHYSICAL DESCRIPTION
Number of Pages ix, 350 p. ;
Dimensions 24 cm.
650 #0 - SUBJECT ADDED ENTRY--TOPICAL TERM
Topical Term Reading (Early childhood)
650 #0 - SUBJECT ADDED ENTRY--TOPICAL TERM
Topical Term Language arts (Early childhood)
650 #0 - SUBJECT ADDED ENTRY--TOPICAL TERM
Topical Term Language policy
700 1# - ADDED ENTRY--PERSONAL NAME
Personal name Dewitz, Peter,
710 2# - ADDED ENTRY--CORPORATE NAME
Corporate name or jurisdiction name as entry element International Reading Association.
942 ## - ADDED ENTRY ELEMENTS (KOHA)
Koha item type សៀវភៅភាសាអង់គ្លេស
952 ## - LOCATION AND ITEM INFORMATION (KOHA)
Withdrawn status [LOCAL, KOHA] 0
952 ## - LOCATION AND ITEM INFORMATION (KOHA)
Withdrawn status [LOCAL, KOHA] 0
Holdings
Permanent Location Date acquired Koha item type Lost status Shelving location Barcode Current Location Full call number
Library Block A2018-11-26សៀវភៅភាសាអង់គ្លេស A114A38182Library Block A372 INT 2010 A114 Or.
Library Block A2018-11-27សៀវភៅភាសាអង់គ្លេស A114A36055Library Block A372 INT 2010 A114 Or.
មជ្ឈមណ្ឌលឯការនៃសាកលវិទ្យាល័យភូមិន្ទកសិកម្មចំការដូង

Powered by Koha